000 00318nam a22001337a 4500
008 170607b xxu||||| |||| 00| 0 eng d
020 _a9780791453469
041 _aeng
080 _a338
100 _a18
101 _aSHP
245 _aSYSTEM OF VIOLENCE THE POLITICAL ECONOMY
_cRICHANI.N
942 _2udc
_cBK
999 _c16278
_d16278